Novyje podchody k ekonomičeskoj podgotovke studentov techničeskich VUZOV (koncepcija i primery programm).

Prezentácia novej koncepcie ekonomického vzdelania pre vysoké školy technické a nehumanitné fakulty univerzít. Hlavné časti koncepcie: Funkcia ekonomickej prípravy. Smery ekonomickej prípravy. Metodika ekonomickej prípravy. Základy ekonomickej teórie - hlavné časti programu.

Saved in:
Bibliographic Details
Main Author: Sažina, M.
Other Authors: Surkova, I.
Format: Book Chapter
Language:Russian
Subjects:
Tags: Add Tag
No Tags, Be the first to tag this record!

MARC

LEADER 00000naa a2200000 4500
001 r010558
005 20221208123106.6
041 0 |a rus 
044 |a [SU] 
245 1 0 |a Novyje podchody k ekonomičeskoj podgotovke studentov techničeskich VUZOV (koncepcija i primery programm).  |c M. Sažina, I. Surkova 
520 |a Prezentácia novej koncepcie ekonomického vzdelania pre vysoké školy technické a nehumanitné fakulty univerzít. Hlavné časti koncepcie: Funkcia ekonomickej prípravy. Smery ekonomickej prípravy. Metodika ekonomickej prípravy. Základy ekonomickej teórie - hlavné časti programu. 
610 2 0 |a školy vysoké 
610 2 0 |a univerzity 
610 2 0 |a technika 
610 2 0 |a vzdelanie ekonomické 
610 2 0 |a Rusko 
100 1 |a Sažina, M. 
700 1 |a Surkova, I.